[Event "escc2023_65"]
[Site "?"]
[Date "2023.06.01"]
[Round "7.1"]
[White "Ftacnik, Lubomir"]
[Black "Fernandez Garcia, Jose Luis"]
[Result "1/2-1/2"]
[BlackElo "2370"]
[WhiteElo "2456"]
[LiveChessVersion "1.4.8"]

1. Nf3 {[%clk 1:30:15]} d5 {[%clk 1:30:18]} 2. d4 {[%clk 1:30:29]} c5
{[%clk 1:30:06]} 3. c4 {[%clk 1:30:38]} e6 {[%clk 1:30:22]} 4. cxd5
{[%clk 1:30:41]} exd5 {[%clk 1:30:44]} 5. Nc3 {[%clk 1:30:35]} Nc6
{[%clk 1:30:51]} 6. g3 {[%clk 1:30:53]} c4 {[%clk 1:29:24]} 7. Bg2
{[%clk 1:30:14]} Bb4 {[%clk 1:29:44]} 8. O-O {[%clk 1:29:36]} Nge7
{[%clk 1:30:10]} 9. Ne5 {[%clk 1:24:38]} O-O {[%clk 1:28:50]} 10. Nxc6
{[%clk 1:24:07]} bxc6 {[%clk 1:28:46]} 11. Bd2 {[%clk 1:21:40]} Nf5
{[%clk 1:21:20]} 12. e3 {[%clk 1:15:42]} Rb8 {[%clk 1:11:44]} 13. Na4
{[%clk 1:03:50]} Re8 {[%clk 1:10:56]} 14. Bxb4 {[%clk 1:00:59]} Rxb4
{[%clk 1:11:23]} 15. b3 {[%clk 1:01:21]} Nd6 {[%clk 1:05:47]} 16. Nc5
{[%clk 0:59:17]} Qb6 {[%clk 0:59:22]} 17. Qd2 {[%clk 0:53:15]} Bf5
{[%clk 0:37:24]} 18. Rac1 {[%clk 0:51:42]} a5 {[%clk 0:36:53]} 19. Rfe1
{[%clk 0:47:00]} h6 {[%clk 0:33:04]} 20. h3 {[%clk 0:36:59]} h5 {[%clk 0:29:45]}
21. Qd1 {[%clk 0:32:41]} g6 {[%clk 0:27:26]} 22. Qd2 {[%clk 0:26:56]} Kg7
{[%clk 0:26:50]} 1/2-1/2

[Event "escc2023_65"]
[Site "?"]
[Date "2023.06.01"]
[Round "7.2"]
[White "Polster, Wolfgang"]
[Black "Nunn, John D M"]
[Result "1/2-1/2"]
[BlackElo "2579"]
[WhiteElo "2189"]
[LiveChessVersion "1.4.8"]

1. e4 {[%clk 1:30:34]} c5 {[%clk 1:30:50]} 2. Nf3 {[%clk 1:30:34]} d6
{[%clk 1:31:07]} 3. Bb5+ {[%clk 1:29:39]} Nd7 {[%clk 1:31:24]} 4. O-O
{[%clk 1:29:41]} Ngf6 {[%clk 1:26:12]} 5. Re1 {[%clk 1:28:51]} a6
{[%clk 1:25:16]} 6. Bd3 {[%clk 1:28:12]} b5 {[%clk 1:22:15]} 7. c3
{[%clk 1:27:50]} Bb7 {[%clk 1:21:33]} 8. Bc2 {[%clk 1:27:29]} c4 {[%clk 1:17:10]}
9. b3 {[%clk 1:26:37]} d5 {[%clk 1:04:19]} 10. e5 {[%clk 1:14:17]} Ne4
{[%clk 1:03:53]} 11. bxc4 {[%clk 1:13:37]} bxc4 {[%clk 1:04:12]} 12. e6
{[%clk 1:13:32]} fxe6 {[%clk 1:03:12]} 13. Ba4 {[%clk 1:13:14]} Qc7
{[%clk 0:55:49]} 14. d4 {[%clk 1:07:36]} cxd3 {[%clk 0:54:05]} 15. Bxd7+
{[%clk 1:07:50]} Kxd7 {[%clk 0:45:50]} 16. Qxd3 {[%clk 1:07:50]} Ke8
{[%clk 0:45:37]} 17. Qd4 {[%clk 0:58:58]} Rc8 {[%clk 0:38:19]} 18. Be3
{[%clk 0:56:04]} Rg8 {[%clk 0:35:48]} 19. Nbd2 {[%clk 0:49:17]} g6
{[%clk 0:20:02]} 20. Nxe4 {[%clk 0:45:16]} dxe4 {[%clk 0:20:25]} 21. Ng5
{[%clk 0:45:18]} Qc6 {[%clk 0:19:19]} 22. Rab1 {[%clk 0:44:58]} h6
{[%clk 0:13:25]} 23. Nxe6 {[%clk 0:44:54]} Qxe6 {[%clk 0:13:50]} 24. Rxb7
{[%clk 0:45:18]} Bg7 {[%clk 0:14:10]} 25. Qa4+ {[%clk 0:45:04]} Kf7
{[%clk 0:14:28]} 26. Rb6 {[%clk 0:43:54]} Qc4 {[%clk 0:14:08]} 27. Rxa6
{[%clk 0:41:22]} Qxc3 {[%clk 0:11:55]} 28. Rf1 {[%clk 0:34:30]} Qd3
{[%clk 0:09:50]} 29. Rd1 {[%clk 0:29:06]} Rc4 {[%clk 0:09:51]} 30. Rxd3
{[%clk 0:29:30]} Rxa4 {[%clk 0:10:16]} 31. Ra3 {[%clk 0:29:53]} Rb8
{[%clk 0:07:41]} 32. g4 {[%clk 0:30:06]} Rab4 {[%clk 0:07:50]} 33. R3a4
{[%clk 0:30:10]} h5 {[%clk 0:06:59]} 34. g5 {[%clk 0:29:48]} Be5 {[%clk 0:05:24]}
35. Bc5 {[%clk 0:27:34]} R4b5 {[%clk 0:04:10]} 36. Be3 {[%clk 0:27:49]} Rb4
{[%clk 0:04:29]} 37. Bc5 {[%clk 0:28:13]} R4b5 1/2-1/2

[Event "escc2023_65"]
[Site "?"]
[Date "2023.06.01"]
[Round "7.3"]
[White "Renman, Nils-Gustaf"]
[Black "Gal, Moshe"]
[Result "0-1"]
[BlackElo "2095"]
[WhiteElo "2331"]
[LiveChessVersion "1.4.8"]

1. d4 {[%clk 1:30:58]} Nf6 {[%clk 1:30:52]} 2. c4 {[%clk 1:31:15]} c5
{[%clk 1:31:15]} 3. d5 {[%clk 1:31:40]} b5 {[%clk 1:31:40]} 4. cxb5
{[%clk 1:32:01]} a6 {[%clk 1:31:57]} 5. bxa6 {[%clk 1:32:27]} g6 {[%clk 1:32:20]}
6. Nc3 {[%clk 1:32:53]} Bxa6 {[%clk 1:32:46]} 7. e4 {[%clk 1:33:04]} Bxf1
{[%clk 1:33:09]} 8. Kxf1 {[%clk 1:33:31]} d6 {[%clk 1:33:29]} 9. g3
{[%clk 1:33:50]} Bg7 {[%clk 1:33:53]} 10. Kg2 {[%clk 1:34:13]} O-O
{[%clk 1:34:01]} 11. Nf3 {[%clk 1:34:13]} Nbd7 {[%clk 1:34:23]} 12. Qe2
{[%clk 1:32:16]} Qb6 {[%clk 1:32:53]} 13. a4 {[%clk 1:29:48]} Qa6
{[%clk 1:30:44]} 14. Nb5 {[%clk 1:28:46]} Nb6 {[%clk 1:28:38]} 15. Qc2
{[%clk 1:28:49]} Qb7 {[%clk 1:25:31]} 16. Nc3 {[%clk 1:24:30]} Rfb8
{[%clk 1:23:51]} 17. Bf4 {[%clk 1:18:37]} Ne8 {[%clk 1:15:21]} 18. b3
{[%clk 1:11:18]} Nc7 {[%clk 1:11:23]} 19. Rab1 {[%clk 1:09:26]} Na6
{[%clk 1:09:24]} 20. Qd2 {[%clk 1:06:03]} Nb4 {[%clk 1:05:58]} 21. Nb5
{[%clk 1:04:58]} f5 {[%clk 1:01:40]} 22. exf5 {[%clk 0:59:57]} N6xd5
{[%clk 1:00:04]} 23. Bh6 {[%clk 0:59:57]} Rf8 {[%clk 0:57:26]} 24. g4
{[%clk 0:55:57]} Bxh6 {[%clk 0:55:52]} 25. Qxh6 {[%clk 0:56:25]} gxf5
{[%clk 0:56:06]} 26. gxf5 {[%clk 0:54:56]} Kh8 {[%clk 0:54:50]} 27. Rhg1
{[%clk 0:49:49]} Rf6 {[%clk 0:51:05]} 28. Qd2 {[%clk 0:37:42]} Rxf5
{[%clk 0:49:25]} 29. Nh4 {[%clk 0:36:29]} Ne3+ {[%clk 0:47:44]} 30. Kh3
{[%clk 0:36:45]} Rf3+ {[%clk 0:48:01]} 31. Nxf3 {[%clk 0:36:33]} Qxf3+
{[%clk 0:48:29]} 32. Kh4 {[%clk 0:36:56]} Nf5+ {[%clk 0:48:48]} 0-1

[Event "escc2023_65"]
[Site "?"]
[Date "2023.06.01"]
[Round "7.4"]
[White "Kierzek, Matthias"]
[Black "Pomes Marcet, Joan"]
[Result "1/2-1/2"]
[BlackElo "2239"]
[WhiteElo "2163"]
[LiveChessVersion "1.4.8"]

1. d4 {[%clk 1:30:57]} d5 {[%clk 1:30:52]} 2. c4 {[%clk 1:31:00]} c6
{[%clk 1:31:17]} 3. Nf3 {[%clk 1:31:22]} Nf6 {[%clk 1:31:35]} 4. Nc3
{[%clk 1:31:40]} dxc4 {[%clk 1:31:57]} 5. a4 {[%clk 1:32:01]} Bf5
{[%clk 1:32:02]} 6. Ne5 {[%clk 1:32:15]} Nbd7 {[%clk 1:29:10]} 7. Nxc4
{[%clk 1:32:28]} Nb6 {[%clk 1:29:22]} 8. Ne5 {[%clk 1:32:49]} a5 {[%clk 1:29:42]}
9. f3 {[%clk 1:33:02]} Nfd7 {[%clk 1:29:00]} 10. Nxd7 {[%clk 1:33:15]} Nxd7
{[%clk 1:24:16]} 11. e4 {[%clk 1:33:28]} Bg6 {[%clk 1:24:07]} 12. Be2
{[%clk 1:33:01]} e5 {[%clk 1:11:13]} 13. dxe5 {[%clk 1:32:21]} Qb6
{[%clk 0:55:37]} 14. f4 {[%clk 1:26:47]} O-O-O {[%clk 0:51:08]} 15. f5
{[%clk 1:07:50]} Nc5 {[%clk 0:49:45]} 16. Qc2 {[%clk 1:06:51]} Nb3
{[%clk 0:49:49]} 17. Rb1 {[%clk 0:58:07]} Nd4 {[%clk 0:46:01]} 18. Qd3
{[%clk 0:58:18]} Nb5 {[%clk 0:45:02]} 19. Be3 {[%clk 0:49:56]} Bc5
{[%clk 0:38:33]} 20. Bxc5 {[%clk 0:47:38]} Qxc5 {[%clk 0:38:58]} 21. Qh3
{[%clk 0:45:46]} Nd4 {[%clk 0:39:07]} 22. fxg6+ {[%clk 0:43:50]} Kb8
{[%clk 0:39:29]} 23. Qd3 {[%clk 0:39:53]} hxg6 {[%clk 0:39:22]} 24. Rd1
{[%clk 0:32:54]} Qxe5 {[%clk 0:29:21]} 25. g3 {[%clk 0:25:59]} Rd6
{[%clk 0:24:53]} 26. O-O {[%clk 0:23:07]} f6 {[%clk 0:16:44]} 27. Qe3
{[%clk 0:18:44]} g5 {[%clk 0:16:35]} 28. Rd3 {[%clk 0:13:15]} g6 {[%clk 0:11:24]}
29. Rfd1 {[%clk 0:12:45]} Rhd8 {[%clk 0:11:35]} 30. Kg2 {[%clk 0:10:58]} Nc2
{[%clk 0:08:36]} 31. Qf2 {[%clk 0:09:42]} Nd4 {[%clk 0:08:53]} 32. Qe3
{[%clk 0:08:28]} Nc2 {[%clk 0:09:17]} 33. Qf2 {[%clk 0:06:09]} 1/2-1/2

[Event "escc2023_65"]
[Site "?"]
[Date "2023.06.01"]
[Round "7.5"]
[White "Chapman, Terry P D"]
[Black "Luciani, Carlo"]
[Result "1-0"]
[BlackElo "2197"]
[WhiteElo "2204"]
[LiveChessVersion "1.4.8"]

1. d4 {[%clk 1:30:57]} Nf6 {[%clk 1:30:47]} 2. c4 {[%clk 1:31:23]} g6
{[%clk 1:31:07]} 3. Nc3 {[%clk 1:31:49]} Bg7 {[%clk 1:31:26]} 4. e4
{[%clk 1:32:14]} d6 {[%clk 1:31:45]} 5. h3 {[%clk 1:32:34]} O-O {[%clk 1:31:36]}
6. Be3 {[%clk 1:33:00]} e5 {[%clk 1:31:45]} 7. d5 {[%clk 1:33:17]} Na6
{[%clk 1:31:55]} 8. g4 {[%clk 1:32:28]} Nc5 {[%clk 1:31:57]} 9. f3
{[%clk 1:32:04]} c6 {[%clk 1:28:22]} 10. Nge2 {[%clk 1:31:27]} cxd5
{[%clk 1:25:56]} 11. cxd5 {[%clk 1:31:52]} a5 {[%clk 1:19:35]} 12. Ng3
{[%clk 1:32:03]} Bd7 {[%clk 1:19:22]} 13. Qd2 {[%clk 1:30:00]} a4
{[%clk 1:17:54]} 14. h4 {[%clk 1:29:48]} Qa5 {[%clk 1:17:09]} 15. h5
{[%clk 1:29:14]} Rac8 {[%clk 1:11:03]} 16. h6 {[%clk 1:16:57]} Bh8
{[%clk 1:11:09]} 17. Nf5 {[%clk 1:17:12]} Bxf5 {[%clk 1:08:50]} 18. gxf5
{[%clk 1:16:48]} a3 {[%clk 1:07:59]} 19. b4 {[%clk 1:08:29]} Qxb4
{[%clk 1:07:36]} 20. Rb1 {[%clk 1:08:58]} Qa5 {[%clk 0:59:59]} 21. Nb5
{[%clk 1:08:35]} Qd8 {[%clk 0:55:53]} 22. fxg6 {[%clk 1:03:20]} fxg6
{[%clk 0:53:29]} 23. Bg5 {[%clk 0:55:03]} Ra8 {[%clk 0:40:21]} 24. Bh3
{[%clk 0:54:34]} Qe7 {[%clk 0:36:49]} 25. O-O {[%clk 0:50:18]} Ra6
{[%clk 0:31:47]} 26. Rfc1 {[%clk 0:39:28]} Re8 {[%clk 0:26:20]} 27. Qe3
{[%clk 0:37:47]} b6 {[%clk 0:23:32]} 28. Bf1 {[%clk 0:32:45]} Ra5
{[%clk 0:19:33]} 29. Nxa3 {[%clk 0:21:24]} Rea8 {[%clk 0:16:59]} 30. Nc4
{[%clk 0:21:28]} Rxa2 {[%clk 0:17:05]} 31. Rxb6 {[%clk 0:20:39]} Qa7
{[%clk 0:09:55]} 32. Rxd6 {[%clk 0:08:55]} Nfd7 {[%clk 0:04:11]} 33. Nb6
{[%clk 0:07:02]} Ra3 {[%clk 0:02:54]} 34. Qf2 {[%clk 0:04:41]} Ra2
{[%clk 0:02:45]} 35. Qe3 {[%clk 0:05:04]} Ra3 {[%clk 0:03:05]} 36. Nxa8
{[%clk 0:02:13]} Rxe3 {[%clk 0:03:15]} 37. Bxe3 {[%clk 0:02:43]} Qxa8
{[%clk 0:01:14]} 38. Bxc5 {[%clk 0:01:55]} Nxc5 {[%clk 0:01:35]} 39. Rxc5
{[%clk 0:02:22]} Qf8 {[%clk 0:01:09]} 40. Rcc6 {[%clk 0:01:00]} Qxh6
{[%clk 0:00:33]} 41. Kf2 {[%clk 0:16:09]} Qh4+ {[%clk 0:19:47]} 42. Ke2
{[%clk 0:15:55]} Qh2+ {[%clk 0:19:23]} 43. Kd3 {[%clk 0:13:58]} Qg1
{[%clk 0:17:45]} 44. Ke2 {[%clk 0:13:38]} Qh2+ {[%clk 0:18:04]} 45. Kd3
{[%clk 0:14:00]} Qg1 {[%clk 0:18:19]} 46. Be2 {[%clk 0:14:10]} Qd4+
{[%clk 0:17:30]} 47. Kc2 {[%clk 0:14:32]} Qf2 {[%clk 0:17:24]} 48. Kd2
{[%clk 0:14:28]} Qd4+ {[%clk 0:17:24]} 49. Bd3 {[%clk 0:13:20]} Qf2+
{[%clk 0:13:33]} 50. Be2 {[%clk 0:13:37]} Qd4+ {[%clk 0:13:56]} 51. Bd3
{[%clk 0:14:06]} Qf2+ {[%clk 0:14:15]} 52. Kc3 {[%clk 0:13:16]} Qd4+
{[%clk 0:12:51]} 53. Kc2 {[%clk 0:13:44]} Qa4+ {[%clk 0:12:27]} 54. Kc1
{[%clk 0:12:41]} Qa3+ {[%clk 0:10:39]} 55. Kd2 {[%clk 0:12:14]} Qb2+
{[%clk 0:09:07]} 56. Kd1 {[%clk 0:12:02]} Qd4 {[%clk 0:09:23]} 57. Ke2
{[%clk 0:12:06]} Qb2+ {[%clk 0:08:40]} 58. Bc2 {[%clk 0:12:30]} Bg7
{[%clk 0:07:39]} 59. Rd8+ {[%clk 0:12:15]} Bf8 {[%clk 0:05:08]} 60. Rcc8
{[%clk 0:12:35]} Kg7 {[%clk 0:05:04]} 61. Rxf8 {[%clk 0:12:37]} Qb5+
{[%clk 0:04:53]} 62. Bd3 {[%clk 0:12:14]} Qb6 {[%clk 0:03:07]} 63. Rfd8
{[%clk 0:11:27]} Qb2+ {[%clk 0:02:15]} 64. Rc2 {[%clk 0:11:36]} Qb6
{[%clk 0:02:42]} 65. Rdc8 {[%clk 0:11:48]} h5 {[%clk 0:02:08]} 66. R2c6
{[%clk 0:08:48]} Qb2+ {[%clk 0:02:14]} 67. Rc2 {[%clk 0:09:05]} Qb6
{[%clk 0:02:41]} 68. R8c6 {[%clk 0:08:38]} Qd4 {[%clk 0:03:06]} 69. d6
{[%clk 0:08:04]} h4 {[%clk 0:03:25]} 70. R2c4 {[%clk 0:07:16]} Qb2+
{[%clk 0:03:42]} 71. Rc2 {[%clk 0:07:44]} Qd4 {[%clk 0:04:08]} 72. R2c4
{[%clk 0:08:11]} Qb2+ {[%clk 0:04:36]} 73. Bc2 {[%clk 0:07:27]} h3
{[%clk 0:04:21]} 74. d7 {[%clk 0:07:43]} Qb8 {[%clk 0:01:03]} 75. Rc8
{[%clk 0:07:44]} 1-0

[Event "escc2023_65"]
[Site "?"]
[Date "2023.06.01"]
[Round "7.6"]
[White "Kortis, Wim"]
[Black "Gaprindashvili, Nona"]
[Result "1/2-1/2"]
[BlackElo "2274"]
[WhiteElo "2110"]
[LiveChessVersion "1.4.8"]

1. Nf3 {[%clk 1:30:52]} d6 {[%clk 1:30:32]} 2. g3 {[%clk 1:30:56]} e5
{[%clk 1:30:36]} 3. d3 {[%clk 1:31:05]} f5 {[%clk 1:30:28]} 4. Bg2
{[%clk 1:31:05]} Nf6 {[%clk 1:30:15]} 5. c4 {[%clk 1:30:40]} c6 {[%clk 1:28:46]}
6. O-O {[%clk 1:29:42]} Be7 {[%clk 1:28:51]} 7. c5 {[%clk 1:26:33]} Na6
{[%clk 1:24:37]} 8. cxd6 {[%clk 1:24:25]} Bxd6 {[%clk 1:25:03]} 9. Nbd2
{[%clk 1:22:00]} Bc7 {[%clk 1:22:14]} 10. b3 {[%clk 1:19:28]} Qe7
{[%clk 1:19:15]} 11. Bb2 {[%clk 1:15:30]} O-O {[%clk 1:19:24]} 12. Nc4
{[%clk 1:13:17]} Nd7 {[%clk 1:13:25]} 13. Qd2 {[%clk 1:08:40]} Re8
{[%clk 1:09:42]} 14. e4 {[%clk 0:57:50]} fxe4 {[%clk 1:03:40]} 15. dxe4
{[%clk 0:57:10]} Nac5 {[%clk 1:03:31]} 16. Qc2 {[%clk 0:53:21]} Qf6
{[%clk 0:57:56]} 17. Rad1 {[%clk 0:50:23]} Qg6 {[%clk 0:53:35]} 18. Ncxe5 Nxe5
{[%clk 0:41:43]} 19. Qxc5 {[%clk 0:37:49]} Nxf3+ {[%clk 0:41:26]} 20. Bxf3
{[%clk 0:38:09]} Bb6 {[%clk 0:34:29]} 21. Qc3 {[%clk 0:28:05]} Re7
{[%clk 0:28:55]} 22. Rfe1 {[%clk 0:19:25]} Rf7 {[%clk 0:25:54]} 23. Rd2
{[%clk 0:17:28]} Be6 {[%clk 0:23:12]} 24. Ba3 {[%clk 0:15:11]} Qg5
{[%clk 0:21:35]} 25. Bg2 {[%clk 0:14:02]} h5 {[%clk 0:19:23]} 26. Bd6
{[%clk 0:09:47]} h4 {[%clk 0:04:30]} 27. gxh4 {[%clk 0:09:37]} Qxh4
{[%clk 0:04:53]} 28. Bg3 {[%clk 0:09:41]} Qh5 {[%clk 0:05:09]} 29. Kh1
{[%clk 0:09:17]} Raf8 {[%clk 0:05:00]} 30. f4 1/2-1/2

[Event "escc2023_65"]
[Site "?"]
[Date "2023.06.01"]
[Round "7.7"]
[White "Ubezio, Marco"]
[Black "Schulz, Michael"]
[Result "1/2-1/2"]
[BlackElo "2215"]
[WhiteElo "2112"]
[LiveChessVersion "1.4.8"]

1. d4 {[%clk 1:30:53]} Nf6 {[%clk 1:30:56]} 2. Nf3 {[%clk 1:31:14]} c5
{[%clk 1:31:14]} 3. d5 {[%clk 1:31:32]} b5 {[%clk 1:31:35]} 4. c3
{[%clk 1:31:44]} Bb7 {[%clk 1:30:59]} 5. e4 {[%clk 1:32:07]} Nxe4
{[%clk 1:26:45]} 6. Bxb5 {[%clk 1:32:25]} Qa5 {[%clk 1:20:46]} 7. Na3
{[%clk 1:25:20]} Na6 {[%clk 1:16:07]} 8. Ne5 {[%clk 1:19:32]} Nf6
{[%clk 1:12:28]} 9. Bg5 {[%clk 1:18:19]} Nb8 {[%clk 1:05:11]} 10. Bxf6
{[%clk 1:04:29]} gxf6 {[%clk 1:03:50]} 11. Nec4 {[%clk 0:59:18]} Qc7
{[%clk 0:59:50]} 12. Qh5 {[%clk 0:56:37]} Qf4 {[%clk 0:53:06]} 13. O-O
{[%clk 0:50:06]} Rg8 {[%clk 0:52:47]} 14. Ne3 {[%clk 0:40:23]} Rg5
{[%clk 0:51:05]} 15. Qh3 {[%clk 0:37:10]} a6 {[%clk 0:48:00]} 16. Be2
{[%clk 0:35:07]} d6 {[%clk 0:45:23]} 17. Bg4 {[%clk 0:34:17]} Kd8
{[%clk 0:36:18]} 18. Nac4 {[%clk 0:30:53]} Rg6 {[%clk 0:36:02]} 19. g3
{[%clk 0:26:18]} Qh6 {[%clk 0:35:57]} 20. Qxh6 {[%clk 0:24:12]} Bxh6
{[%clk 0:35:47]} 21. Bh5 {[%clk 0:24:19]} Bxe3 {[%clk 0:34:36]} 22. Nxe3
{[%clk 0:24:25]} Rg7 {[%clk 0:33:36]} 23. f4 {[%clk 0:22:24]} Bc8
{[%clk 0:31:46]} 24. Rfe1 {[%clk 0:20:58]} a5 {[%clk 0:31:22]} 25. a4
{[%clk 0:19:05]} Na6 {[%clk 0:29:51]} 26. Nc4 {[%clk 0:17:55]} Nc7
{[%clk 0:28:37]} 27. Bf3 {[%clk 0:16:07]} Bg4 {[%clk 0:22:47]} 28. Be4
{[%clk 0:14:10]} h5 {[%clk 0:22:43]} 29. Kf2 {[%clk 0:14:13]} Rb8
{[%clk 0:20:37]} 30. Rab1 {[%clk 0:13:00]} Bd7 {[%clk 0:20:06]} 31. b3
{[%clk 0:12:07]} Ra8 {[%clk 0:20:07]} 32. h4 {[%clk 0:12:20]} Ra6
{[%clk 0:17:21]} 33. Rbd1 {[%clk 0:10:27]} Bg4 {[%clk 0:17:04]} 34. Rd2
{[%clk 0:10:18]} Kd7 {[%clk 0:16:45]} 35. Ne3 {[%clk 0:10:34]} e6
{[%clk 0:16:35]} 36. f5 {[%clk 0:06:16]} Rg8 {[%clk 0:14:38]} 37. Nxg4
{[%clk 0:05:55]} hxg4 {[%clk 0:14:43]} 38. fxe6+ {[%clk 0:06:13]} fxe6
{[%clk 0:14:34]} 39. dxe6+ {[%clk 0:06:27]} Ke7 {[%clk 0:14:37]} 40. h5
{[%clk 0:03:18]} Rb6 {[%clk 0:14:23]} 41. Bc2 {[%clk 0:01:39]} Rh8
{[%clk 0:14:21]} 42. Rh1 {[%clk 0:00:32]} d5 {[%clk 0:11:41]} 43. Re2
{[%clk 0:29:12]} Rh6 {[%clk 0:40:45]} 44. Rh4 {[%clk 0:28:48]} Rxe6
{[%clk 0:38:11]} 45. Rxe6+ {[%clk 0:28:25]} Kxe6 {[%clk 0:34:50]} 46. Bg6
{[%clk 0:27:22]} f5 {[%clk 0:35:06]} 47. Rh1 {[%clk 0:27:32]} Kf6
{[%clk 0:35:20]} 48. Ke3 {[%clk 0:24:33]} Ne6 {[%clk 0:32:24]} 49. Rf1
{[%clk 0:24:44]} Ng7 {[%clk 0:32:20]} 50. Rf2 {[%clk 0:15:10]} Kg5
{[%clk 0:31:01]} 51. Rd2 {[%clk 0:10:49]} Nxh5 {[%clk 0:28:26]} 52. Bxh5
{[%clk 0:10:56]} Rxh5 {[%clk 0:28:49]} 53. Rxd5 {[%clk 0:11:02]} Rh2
{[%clk 0:26:47]} 54. Rd8 {[%clk 0:10:48]} Rg2 {[%clk 0:26:54]} 55. Rg8+
{[%clk 0:10:50]} Kf6 {[%clk 0:27:11]} 56. Rf8+ {[%clk 0:11:14]} Ke5
{[%clk 0:26:54]} 57. Re8+ {[%clk 0:11:22]} Kd6 {[%clk 0:26:58]} 58. Kf4
{[%clk 0:07:10]} Rf2+ {[%clk 0:27:14]} 59. Kg5 {[%clk 0:07:33]} Rf3
{[%clk 0:26:52]} 60. Rd8+ {[%clk 0:06:21]} Ke5 {[%clk 0:25:50]} 61. Re8+
{[%clk 0:04:29]} Kd5 {[%clk 0:26:12]} 62. Rf8 {[%clk 0:04:20]} Ke4
{[%clk 0:26:19]} 63. Re8+ {[%clk 0:04:27]} Kd3 {[%clk 0:26:31]} 64. Re5
{[%clk 0:04:38]} Kxc3 {[%clk 0:24:49]} 65. Rxc5+ {[%clk 0:04:57]} Kxb3
{[%clk 0:25:02]} 66. Rxa5 {[%clk 0:05:02]} Rxg3 {[%clk 0:25:09]} 67. Rxf5
{[%clk 0:05:12]} 1/2-1/2

[Event "escc2023_65"]
[Site "?"]
[Date "2023.06.01"]
[Round "7.8"]
[White "Biro, Sandor"]
[Black "Fischdick, Gisela"]
[Result "1/2-1/2"]
[BlackElo "2205"]
[WhiteElo "2089"]
[LiveChessVersion "1.4.8"]

1. e4 {[%clk 1:30:56]} c6 {[%clk 1:30:36]} 2. Nc3 {[%clk 1:24:46]} d5
{[%clk 1:30:28]} 3. Nf3 {[%clk 1:24:22]} Bg4 {[%clk 1:28:04]} 4. h3
{[%clk 1:24:45]} Bxf3 {[%clk 1:28:25]} 5. Qxf3 {[%clk 1:25:10]} Nf6
{[%clk 1:27:19]} 6. d3 {[%clk 1:20:12]} e6 {[%clk 1:24:54]} 7. a3
{[%clk 1:15:56]} Bd6 {[%clk 1:19:56]} 8. g3 {[%clk 1:15:23]} Nbd7
{[%clk 1:18:26]} 9. Bg2 {[%clk 1:14:13]} O-O {[%clk 1:16:55]} 10. O-O
{[%clk 1:14:18]} a5 {[%clk 1:12:25]} 11. Qe2 {[%clk 0:59:53]} a4 {[%clk 1:03:01]}
12. Kh1 {[%clk 0:57:10]} Qc7 {[%clk 0:50:18]} 13. Bd2 {[%clk 0:56:21]} Rfd8
{[%clk 0:42:33]} 14. Rae1 {[%clk 0:56:17]} Qb6 {[%clk 0:39:23]} 15. Bc1
{[%clk 0:50:16]} Be5 {[%clk 0:32:02]} 16. Nd1 {[%clk 0:41:09]} dxe4
{[%clk 0:31:31]} 17. dxe4 {[%clk 0:39:59]} h6 {[%clk 0:28:11]} 18. f4
{[%clk 0:32:02]} Bd4 {[%clk 0:25:38]} 19. c3 {[%clk 0:14:26]} Bc5
{[%clk 0:25:51]} 20. g4 {[%clk 0:04:34]} Nf8 {[%clk 0:24:18]} 21. e5
{[%clk 0:04:06]} N6h7 {[%clk 0:22:19]} 22. f5 {[%clk 0:04:17]} Qc7
{[%clk 0:20:49]} 23. Bf4 {[%clk 0:03:58]} Qd7 {[%clk 0:19:51]} 24. Be4
{[%clk 0:04:11]} Qe7 {[%clk 0:17:37]} 25. f6 {[%clk 0:03:07]} Qd7
{[%clk 0:14:05]} 26. fxg7 {[%clk 0:03:15]} Kxg7 {[%clk 0:14:17]} 27. Ne3
{[%clk 0:02:28]} Qe7 {[%clk 0:13:37]} 28. Bg3 {[%clk 0:02:02]} Rd7
{[%clk 0:12:27]} 29. Nc4 {[%clk 0:01:20]} Ng5 {[%clk 0:10:09]} 30. Rf6
{[%clk 0:01:04]} b5 {[%clk 0:09:58]} 31. Bxc6 {[%clk 0:00:50]} bxc4
{[%clk 0:09:21]} 32. Bxa8 {[%clk 0:01:10]} Rd3 {[%clk 0:09:29]} 33. Qg2
{[%clk 0:01:00]} Qd8 {[%clk 0:09:02]} 34. h4 {[%clk 0:01:16]} Rd2
{[%clk 0:06:40]} 35. hxg5 {[%clk 0:01:16]} Rxg2 {[%clk 0:06:55]} 36. gxh6+
{[%clk 0:01:39]} Kg8 {[%clk 0:07:10]} 37. Bxg2 {[%clk 0:01:52]} Nh7
{[%clk 0:07:15]} 38. Rf4 {[%clk 0:01:05]} Qg5 {[%clk 0:05:46]} 39. Ref1
{[%clk 0:00:43]} Qxh6+ {[%clk 0:06:00]} 40. Bh2 {[%clk 0:00:55]} Ng5
{[%clk 0:05:40]} 41. Rxc4 {[%clk 0:00:51]} Be3 {[%clk 0:03:25]} 42. Rc8+
{[%clk 0:09:00]} Kg7 {[%clk 0:33:44]} 43. Rc7 {[%clk 0:09:05]} Qg6
{[%clk 0:29:49]} 44. Rd7 {[%clk 0:03:09]} Qc2 {[%clk 0:29:40]} 45. Bg3
{[%clk 0:01:37]} Qh7+ {[%clk 0:26:13]} 46. Bh2 {[%clk 0:01:59]} Qc2
{[%clk 0:26:40]} 47. Bg3 {[%clk 0:02:14]} 1/2-1/2

[Event "escc2023_65"]
[Site "?"]
[Date "2023.06.01"]
[Round "7.9"]
[White "Iudicello, Giovanni"]
[Black "Koehler, Gerhard"]
[Result "1-0"]
[BlackElo "2205"]
[WhiteElo "2081"]
[LiveChessVersion "1.4.8"]

1. Nf3 {[%clk 1:30:53]} Nf6 {[%clk 1:30:31]} 2. g3 {[%clk 1:31:10]} g6
{[%clk 1:30:36]} 3. Bg2 {[%clk 1:31:22]} Bg7 {[%clk 1:30:53]} 4. d3
{[%clk 1:31:40]} O-O {[%clk 1:30:43]} 5. O-O {[%clk 1:31:46]} d6 {[%clk 1:29:47]}
6. e4 {[%clk 1:31:59]} c5 {[%clk 1:29:29]} 7. Nc3 {[%clk 1:30:49]} Nc6
{[%clk 1:29:24]} 8. Bd2 {[%clk 1:28:02]} e5 {[%clk 1:22:02]} 9. Qc1
{[%clk 1:25:10]} Rb8 {[%clk 1:20:26]} 10. Bh6 {[%clk 1:25:07]} b5
{[%clk 1:19:14]} 11. Bxg7 {[%clk 1:23:21]} Kxg7 {[%clk 1:19:26]} 12. Qd2
{[%clk 1:19:43]} b4 {[%clk 1:16:05]} 13. Nd1 {[%clk 1:15:24]} Ng8
{[%clk 1:13:10]} 14. Nh4 {[%clk 1:04:56]} a5 {[%clk 1:09:48]} 15. f4
{[%clk 0:53:27]} f6 {[%clk 1:08:16]} 16. Ne3 {[%clk 0:53:24]} Be6
{[%clk 1:05:04]} 17. f5 {[%clk 0:47:45]} Bf7 {[%clk 1:05:05]} 18. fxg6
{[%clk 0:47:55]} hxg6 {[%clk 1:05:21]} 19. Rf2 {[%clk 0:44:45]} Be6
{[%clk 0:58:52]} 20. Raf1 {[%clk 0:43:07]} Qd7 {[%clk 0:57:34]} 21. Qd1
{[%clk 0:30:45]} Nce7 {[%clk 0:49:46]} 22. g4 {[%clk 0:21:41]} Nh6
{[%clk 0:38:52]} 23. h3 {[%clk 0:15:37]} a4 {[%clk 0:35:40]} 24. b3
{[%clk 0:13:45]} Rbd8 {[%clk 0:19:33]} 25. Qf3 {[%clk 0:12:06]} g5
{[%clk 0:11:28]} 26. Nhf5+ {[%clk 0:12:27]} Nhxf5 {[%clk 0:11:31]} 27. gxf5
{[%clk 0:12:39]} Bf7 {[%clk 0:11:32]} 28. h4 {[%clk 0:12:58]} g4 {[%clk 0:05:28]}
29. Nxg4 {[%clk 0:11:29]} Bh5 {[%clk 0:04:51]} 30. Qg3 {[%clk 0:10:06]} Kh8
{[%clk 0:04:04]} 31. Nxf6 {[%clk 0:07:03]} Rxf6 {[%clk 0:02:58]} 32. Qg5
{[%clk 0:07:26]} Ng8 {[%clk 0:02:50]} 33. Qxh5+ {[%clk 0:07:44]} Rh6
{[%clk 0:03:01]} 34. Qg5 {[%clk 0:07:41]} Rf8 {[%clk 0:02:59]} 35. f6
{[%clk 0:06:39]} Rf7 {[%clk 0:03:05]} 36. Rf3 {[%clk 0:05:21]} axb3
{[%clk 0:02:11]} 37. axb3 {[%clk 0:03:50]} Qd8 {[%clk 0:02:34]} 38. Rg3
{[%clk 0:02:15]} Rfxf6 {[%clk 0:02:17]} 39. Qg7# 1-0